Biggest Countries in the World by Population - Statistics

General Stats
  • This quiz has been taken 5 times
  • The average score is 12 of 15
Answer Stats
Population Country % Correct
212,726,808 Brazil
100%
1,406,603,960 China
100%
106,731,000 Democratic Republic of the Congo
100%
1,373,218,593 India
100%
270,203,917 Indonesia
100%
126,014,024 Mexico
100%
225,200,000 Pakistan
100%
331,148,424 United States of America
100%
101,549,442 Egypt
80%
125,570,000 Japan
80%
170,144,110 Bangladesh
60%
109,224,414 Ethiopia
60%
211,401,000 Nigeria
60%
146,238,185 россия
20%
109,817,613 Phillippines
20%
No matching quizzes found
Score Distribution
Percent of People with Each Score
Percentile by Number Answered
Your Score History
You have not taken this quiz